[Event "Sachsen-ch U14"]
[Site "Sebnitz"]
[Date "2012.04.13"]
[Round "6"]
[White "Seidel, Oliver"]
[Black "Hummel, Felician"]
[Result "0-1"]
[WhiteElo "1455"]
[BlackElo "1538"]
[PlyCount "122"]
[EventDate "2012.04.10"]
[EventType "swiss"]
[EventRounds "7"]
[EventCountry "GER"]
[SourceTitle "CBM 148 Extra"]
[Source "ChessBase"]
[SourceDate "2012.06.22"]
[SourceVersion "1"]
[SourceVersionDate "2012.06.22"]
[SourceQuality "1"]

1. e4 g6 2. d4 d6 3. Nf3 Bg7 4. Be3 Nf6 5. Nbd2 0-0 6. c3 Nbd7 7. Qc2 e5 8. dxe5 dxe5 9. 0-0-0 Qe8 10. Be2 Ng4 11. Nf1 Nxe3 12. Nxe3 Nb6 13. h4 Qe6 14. Qb3 Qxb3 15. axb3 Bh6 16. Rd3 Re8 17. Nd2 a5 18. Kc2 a4 19. bxa4 Rxa4 20. Ng4 Bg7 21. h5 Ra2 22. h6 Bh8 23. Rb1 Ra4 24. Rg3 f5 25. Bb5 Bd7 26. Bxd7 Nxd7 27. exf5 Ra6 28. Rd1 Nc5 29. Nc4 Ne4 30. Rf3 Ng5 31. Re3 Nf7 32. fxg6 Rxg6 33. f3 Nxh6 34. Nxh6+ Rxh6 35. Rd7 b5 36. Nd2 c6 37. f4 Rg6 38. Rc7 Rxg2 39. Rxc6 Rd8 40. Rd3 Rxd3 41. Kxd3 exf4 42. Rc8+ Kg7 43. Rc7+ Kh6 44. Rc6+ Kh5 45. Rc5+ Rg5 46. b4 Kg4 47. c4 bxc4+ 48. Rxc4 h5 49. Ke2 h4 50. Kf2 h3 51. Kg1 Rd5 52. Rc2 Bd4+ 53. Kh2 Be5 54. Kh1 f3 55. Rc4+ Bf4 56. Rc1 Rxd2 57. Rf1 f2 58. b5 Re2 59. Rg1+ fxg1Q+ 60. Kxg1 Rb2 61. Kf1 Kf3 0-1

[Event "Sachsen-ch U14"]
[Site "Sebnitz"]
[Date "2012.04.11"]
[Round "2"]
[White "Seidel, Oliver"]
[Black "Birkenheuer, Simon"]
[Result "0-1"]
[WhiteElo "1455"]
[BlackElo "1513"]
[PlyCount "144"]
[EventDate "2012.04.10"]
[EventType "swiss"]
[EventRounds "7"]
[EventCountry "GER"]
[SourceTitle "CBM 148 Extra"]
[Source "ChessBase"]
[SourceDate "2012.06.22"]
[SourceVersion "1"]
[SourceVersionDate "2012.06.22"]
[SourceQuality "1"]

1. e4 e6 2. d4 d5 3. exd5 exd5 4. Nf3 Bd6 5. Bd3 Ne7 6. c3 Bf5 7. Bxf5 Nxf5 8. Qd3 Ne7 9. Qb5+ Nbc6 10. Qxb7 0-0 11. 0-0 Qd7 12. Qb3 Rab8 13. Qc2 Na5 14. Nbd2 Rfc8 15. Re1 c5 16. dxc5 Bxc5 17. Qd1 Nac6 18. Ne4 Bb6 19. Ng3 Rd8 20. Bf4 Rb7 21. Rb1 Ng6 22. Be3 Bc7 23. Nd4 Nce5 24. Nb3 Qd6 25. Nc5 Rb5 26. Nd3 Nc4 27. b4 Nxe3 28. fxe3 Rbb8 29. Rf1 Re8 30. Qf3 f6 31. Nf4 Nxf4 32. exf4 Bb6+ 33. Kh1 Re3 34. Qd1 Rxc3 35. Ne4 Qc6 36. Nxc3 d4 37. Qb3+ Kh8 38. Ne2 Rd8 39. Nxd4 Rxd4 40. Rbc1 Qd7 41. Rfd1 Rxd1+ 42. Rxd1 Qe7 43. Qd5 h6 44. f5 Qxb4 45. Qf7 Qe4 46. Qe6 Qa4 47. Rd7 Qg4 48. h3 Qg5 49. Re7 Qc1+ 50. Qe1 Qc5 51. Kh2 Qd6+ 52. g3 Qa3 53. Re8+ Kh7 54. h4 Qxa2+ 55. Kh3 Qd5 56. Qe6 Qh1+ 57. Kg4 Qd1+ 58. Qe2 Qd4+ 59. Re4 Qd7 60. Qf3 Qd2 61. Kh3 Qc1 62. h5 Qb1 63. Rg4 Qc1 64. Kh4 Qg1 65. Kh3 Qc1 66. Qb7 Bc7 67. Kh2 Qc2+ 68. Kg1 Qc1+ 69. Kg2 Qc2+ 70. Kf1 Qc1+ 71. Ke2 Qc2+ 72. Kf3 Qxf5+ 0-1

[Event "Sachsen-ch U14"]
[Site "Sebnitz"]
[Date "2012.04.10"]
[Round "1"]
[White "Seidel, Oliver"]
[Black "Storch, Domenic"]
[Result "0-1"]
[WhiteElo "1455"]
[BlackElo "1537"]
[PlyCount "49"]
[EventDate "2012.04.10"]
[EventType "swiss"]
[EventRounds "7"]
[EventCountry "GER"]
[SourceTitle "CBM 148 Extra"]
[Source "ChessBase"]
[SourceDate "2012.06.22"]
[SourceVersion "1"]
[SourceVersionDate "2012.06.22"]
[SourceQuality "1"]

1. e4 c5 2. Nc3 Nc6 3. f4 d6 4. Bc4 e6 5. Nf3 g6 6. d3 Bg7 7. Bd2 Nge7 8. 0-0 0-0 9. Qe1 Na5 10. Bb3 Nxb3 11. axb3 Nc6 12. e5 dxe5 13. fxe5 Nxe5 14. Nxe5 Qd4+ 15. Be3 Qxe5 16. Na4 Qc7 17. Bxc5 Rd8 18. Qf2 Bd7 19. Nc3 Be8 20. Bxa7 Rxa7 21. Qxa7 Bd4+ 22. Qxd4 Rxd4 23. Ne4 Rxe4 24. dxe4 Qxc2 25. Ra8 0-1